| 000 | 00739nam a2200205Ii 4500 | ||
|---|---|---|---|
| 003 | JO-AjNU | ||
| 008 | 230605s9999||||xx |||||||||||||| ||und|| | ||
| 017 | _a2009/11/1878 | ||
| 040 |
_aJO-AjNU _bara _erda _cJO-AjNU |
||
| 041 | _aara | ||
| 050 | 1 | 4 | _aHF5415.13.A42 2009 |
| 100 | 3 |
_aالعلاق،بشير، م.مشارك قحطان العبدلي, _eauthor _956649 |
|
| 245 | 0 | 0 | _aادارة التسويق = Marketing Management |
| 264 | 3 | 1 | _aعمان: دار زهران للنشر والتوزيع، 2009 |
| 300 |
_a404ص _bيحتوي على ببلوغرافية من ص401-404ص |
||
| 336 |
_atext _btxt _2rdacontent |
||
| 337 |
_aunmediated _bn _2rdamedia |
||
| 338 |
_avolume _bnc _2rdacarrier |
||
| 650 | 4 |
_aالتسويق _956650 |
|
| 999 |
_aA25339 _c28907 _d28907 |
||